000 00665nam a2200229#a 4500
001 00760
003 HDC
007 ta
008 230623s2023 xx 000 0 eng d
040 _aHDC
050 _aHG 3368
_b.I84 v.2
110 _aIslamic International Islamic Fianance Centre
245 0 _aValue propositions for industry participants /
_cMalaysia International Islamic Fianance Centre
264 _aKuala Lumpur :
_b[s.n.],
300 _a4v. :
_b ill.
_c 21cm
650 _aBanks and banking
_xReligious aspects
_vIslam.
650 _aFinance
_xReligious aspects
_vIslam.
942 _2lcc
942 _cBK
942 _kHG 3368
942 _m.I84 v.2
999 _c22375
_d22375